| 000 | 00503cam a22001457a 4500 | ||
|---|---|---|---|
| 008 | 180718b2006 xxu||||| |||| 00| 0 eng d | ||
| 100 | _aMello, Luiz de | ||
| 245 |
_aFiscal responsibility legislation and fiscal adjustment: the case of Brazilian local government _cby Luiz de Mello |
||
| 260 |
_aWashington, D.C. _bWorld Bank _c2006 |
||
| 300 | _a24p. | ||
| 440 | _aPolicy research working paper; no. 3812 | ||
| 650 | _aBrazilian local government | ||
| 650 | _aFiscal adjustment | ||
| 650 | _aLegislation | ||
| 999 |
_c293077 _d293077 |
||